<?xml version="1.0" encoding="UTF-8"?>
<record
    xmlns:xsi="http://www.w3.org/2001/XMLSchema-instance"
    xsi:schemaLocation="http://www.loc.gov/MARC21/slim http://www.loc.gov/standards/marcxml/schema/MARC21slim.xsd"
    xmlns="http://www.loc.gov/MARC21/slim">

  <leader>03334njm a2200529Ia 4500</leader>
  <controlfield tag="001">25583</controlfield>
  <controlfield tag="003">IT-RoPAU</controlfield>
  <controlfield tag="005">20220918181121.0</controlfield>
  <controlfield tag="008">131025s9999    xx            000 0 und d</controlfield>
  <datafield tag="040" ind1=" " ind2=" ">
    <subfield code="a">IT-RoPAU</subfield>
  </datafield>
  <datafield tag="040" ind1=" " ind2=" ">
    <subfield code="c">IT-RoPAU</subfield>
  </datafield>
  <datafield tag="999" ind1=" " ind2=" ">
    <subfield code="c">99789</subfield>
    <subfield code="d">99789</subfield>
  </datafield>
  <datafield tag="999" ind1=" " ind2=" ">
    <subfield code="b">n.d.</subfield>
  </datafield>
  <datafield tag="100" ind1=" " ind2=" ">
    <subfield code="a">AA.VV.</subfield>
    <subfield code="9">794</subfield>
  </datafield>
  <datafield tag="100" ind1=" " ind2=" ">
    <subfield code="e">Autore musica</subfield>
    <subfield code="9">12183</subfield>
  </datafield>
  <datafield tag="100" ind1=" " ind2=" ">
    <subfield code="g">Codice autore musica SPICS: 12000</subfield>
    <subfield code="9">796</subfield>
  </datafield>
  <datafield tag="245" ind1=" " ind2=" ">
    <subfield code="a">Caramba!-Hot Rhythm From South America</subfield>
  </datafield>
  <datafield tag="250" ind1=" " ind2=" ">
    <subfield code="a">1a ed.</subfield>
  </datafield>
  <datafield tag="260" ind1=" " ind2=" ">
    <subfield code="a">GERMANY</subfield>
  </datafield>
  <datafield tag="260" ind1=" " ind2=" ">
    <subfield code="b">POLYDOR</subfield>
    <subfield code="c">1965 [1a Ed.:1965 - Ed. Lingua Orig.: 1965]</subfield>
  </datafield>
  <datafield tag="300" ind1=" " ind2=" ">
    <subfield code="a">DISCO</subfield>
  </datafield>
  <datafield tag="500" ind1=" " ind2=" ">
    <subfield code="a">Musica folk, pop. Ballo, rumba</subfield>
  </datafield>
  <datafield tag="505" ind1=" " ind2=" ">
    <subfield code="a">Rumba Tambach (Rumba negra) - Besame mucho - Navidad negra - In A Little Spanish Town - Siboney - Moliendo caf&#xE8; - Macarenas (La Virgen de la Macarena) - The Peanut Vendor - Tres palabras (Without You) - Amapola (Pretty Little Poppy) - Miami Beach Rumba - Mucho mucho (Te quiero dijiste) - Marinella - Taboo</subfield>
  </datafield>
  <datafield tag="650" ind1=" " ind2=" ">
    <subfield code="a">FOLK [DISCHI]</subfield>
    <subfield code="e">Codice MATERIA SPICS: 9950</subfield>
    <subfield code="9">1209</subfield>
  </datafield>
  <datafield tag="700" ind1=" " ind2=" ">
    <subfield code="a">Delgado Roberto</subfield>
    <subfield code="g">Codice interprete SPICS: 7994</subfield>
    <subfield code="e">Interprete</subfield>
    <subfield code="9">12184</subfield>
  </datafield>
  <datafield tag="700" ind1=" " ind2=" ">
    <subfield code="a">Hernandez Rafael</subfield>
    <subfield code="g">Codice autore musica SPICS: 14367</subfield>
    <subfield code="e">Autore musica</subfield>
    <subfield code="p">Rumba Tambach (Rumba negra)</subfield>
    <subfield code="9">12185</subfield>
  </datafield>
  <datafield tag="700" ind1=" " ind2=" ">
    <subfield code="a">Velazquez Consuelo</subfield>
    <subfield code="g">Codice autore musica SPICS: 15704</subfield>
    <subfield code="e">Autore musica</subfield>
    <subfield code="p">Besame mucho</subfield>
    <subfield code="9">12186</subfield>
  </datafield>
  <datafield tag="700" ind1=" " ind2=" ">
    <subfield code="a">Barros</subfield>
    <subfield code="g">Codice autore musica SPICS: 15863</subfield>
    <subfield code="e">Autore musica</subfield>
    <subfield code="p">Navidad negra</subfield>
    <subfield code="9">12187</subfield>
  </datafield>
  <datafield tag="700" ind1=" " ind2=" ">
    <subfield code="a">Lewis Huey</subfield>
    <subfield code="g">Codice autore musica SPICS: 13177</subfield>
    <subfield code="e">Autore musica</subfield>
    <subfield code="p">In A Little Spanish Town</subfield>
    <subfield code="9">12188</subfield>
  </datafield>
  <datafield tag="700" ind1=" " ind2=" ">
    <subfield code="a">Young Victor</subfield>
    <subfield code="g">Codice autore SPICS: 11205</subfield>
    <subfield code="e">Autore</subfield>
    <subfield code="p">In A Little Spanish Town</subfield>
    <subfield code="9">12189</subfield>
  </datafield>
  <datafield tag="700" ind1=" " ind2=" ">
    <subfield code="a">Wayne M.</subfield>
    <subfield code="g">Codice autore testo/musica SPICS: 25135</subfield>
    <subfield code="e">Autore testo/musica</subfield>
    <subfield code="p">In A Little Spanish Town</subfield>
    <subfield code="9">12190</subfield>
  </datafield>
  <datafield tag="700" ind1=" " ind2=" ">
    <subfield code="a">Lecuona M.</subfield>
    <subfield code="g">Codice autore musica SPICS: 14010</subfield>
    <subfield code="e">Autore musica</subfield>
    <subfield code="p">Siboney - Taboo</subfield>
    <subfield code="9">12191</subfield>
  </datafield>
  <datafield tag="700" ind1=" " ind2=" ">
    <subfield code="a">Morse</subfield>
    <subfield code="g">Codice autore SPICS: 15803</subfield>
    <subfield code="e">Autore</subfield>
    <subfield code="p">Siboney</subfield>
    <subfield code="9">12192</subfield>
  </datafield>
  <datafield tag="700" ind1=" " ind2=" ">
    <subfield code="a">Manzo</subfield>
    <subfield code="g">Codice autore musica SPICS: 15864</subfield>
    <subfield code="e">Autore musica</subfield>
    <subfield code="p">Moliendo caf&#xE8;</subfield>
    <subfield code="9">12193</subfield>
  </datafield>
  <datafield tag="700" ind1=" " ind2=" ">
    <subfield code="a">Monterde</subfield>
    <subfield code="g">Codice autore musica SPICS: 15615</subfield>
    <subfield code="e">Autore musica</subfield>
    <subfield code="p">Macarenas (La Virgen de la Macarena)</subfield>
    <subfield code="9">12194</subfield>
  </datafield>
  <datafield tag="700" ind1=" " ind2=" ">
    <subfield code="a">Simons</subfield>
    <subfield code="g">Codice autore musica SPICS: 15821</subfield>
    <subfield code="e">Autore musica</subfield>
    <subfield code="p">The Peanut Vendor</subfield>
    <subfield code="9">12195</subfield>
  </datafield>
  <datafield tag="700" ind1=" " ind2=" ">
    <subfield code="a">Gilbert Robert</subfield>
    <subfield code="g">Codice autore musica SPICS: 14464</subfield>
    <subfield code="e">Autore musica</subfield>
    <subfield code="p">The Peanut Vendor - Tres palabras (Without You)</subfield>
    <subfield code="9">12196</subfield>
  </datafield>
  <datafield tag="700" ind1=" " ind2=" ">
    <subfield code="a">Sunshine</subfield>
    <subfield code="g">Codice autore testo/musica SPICS: 27534</subfield>
    <subfield code="e">Autore testo/musica</subfield>
    <subfield code="p">The Peanut Vendor</subfield>
    <subfield code="9">12197</subfield>
  </datafield>
  <datafield tag="700" ind1=" " ind2=" ">
    <subfield code="a">Farres Osvaldo</subfield>
    <subfield code="g">Codice autore SPICS: 14369</subfield>
    <subfield code="e">Autore</subfield>
    <subfield code="p">Tres palabras (Without You)</subfield>
    <subfield code="9">12198</subfield>
  </datafield>
  <datafield tag="700" ind1=" " ind2=" ">
    <subfield code="a">Lacalle J.M.</subfield>
    <subfield code="g">Codice autore musica SPICS: 14498</subfield>
    <subfield code="e">Autore musica</subfield>
    <subfield code="p">Amapola (Pretty Little Poppy)</subfield>
    <subfield code="9">12199</subfield>
  </datafield>
  <datafield tag="700" ind1=" " ind2=" ">
    <subfield code="a">Gamse A.</subfield>
    <subfield code="g">Codice autore SPICS: 14499</subfield>
    <subfield code="e">Autore</subfield>
    <subfield code="p">Amapola (Pretty Little Poppy) - Miami Beach Rumba</subfield>
    <subfield code="9">12200</subfield>
  </datafield>
  <datafield tag="700" ind1=" " ind2=" ">
    <subfield code="a">Fields Dorothy</subfield>
    <subfield code="g">Codice autore musica SPICS: 15865</subfield>
    <subfield code="e">Autore musica</subfield>
    <subfield code="p">Miami Beach Rumba</subfield>
    <subfield code="9">12201</subfield>
  </datafield>
  <datafield tag="700" ind1=" " ind2=" ">
    <subfield code="a">Grever Maria</subfield>
    <subfield code="g">Codice autore musica SPICS: 13517</subfield>
    <subfield code="e">Autore musica</subfield>
    <subfield code="p">Mucho mucho (Te quiero dijiste)</subfield>
    <subfield code="9">12202</subfield>
  </datafield>
  <datafield tag="700" ind1=" " ind2=" ">
    <subfield code="a">Paquale</subfield>
    <subfield code="g">Codice autore SPICS: 15866</subfield>
    <subfield code="e">Autore</subfield>
    <subfield code="p">Mucho mucho (Te quiero dijiste)</subfield>
    <subfield code="9">12203</subfield>
  </datafield>
  <datafield tag="700" ind1=" " ind2=" ">
    <subfield code="a">Scotto Vincent</subfield>
    <subfield code="g">Codice autore musica SPICS: 13394</subfield>
    <subfield code="e">Autore musica</subfield>
    <subfield code="p">Marinella</subfield>
    <subfield code="9">12204</subfield>
  </datafield>
  <datafield tag="700" ind1=" " ind2=" ">
    <subfield code="a">Stillman</subfield>
    <subfield code="g">Codice autore musica SPICS: 15855</subfield>
    <subfield code="e">Autore musica</subfield>
    <subfield code="9">12205</subfield>
  </datafield>
  <datafield tag="942" ind1=" " ind2=" ">
    <subfield code="c">MD</subfield>
    <subfield code="2">ddc</subfield>
  </datafield>
  <datafield tag="952" ind1=" " ind2=" ">
    <subfield code="0">0</subfield>
    <subfield code="1">0</subfield>
    <subfield code="4">0</subfield>
    <subfield code="6">25583_000000000000000</subfield>
    <subfield code="7">1</subfield>
    <subfield code="a">SPICS</subfield>
    <subfield code="b">SPICS</subfield>
    <subfield code="d">2013-10-25</subfield>
    <subfield code="l">0</subfield>
    <subfield code="o">25583</subfield>
    <subfield code="r">2013-10-25 00:00:00</subfield>
    <subfield code="w">2013-10-25</subfield>
    <subfield code="y">MD</subfield>
    <subfield code="z">Progr. Ins.: 5457 / N.Vol.: 1 / Copie: 1 - Copia rara: n.d. / date import: 01.01.2014 - By Epidotti, Trombetti, Vaglietti</subfield>
  </datafield>
</record>
